AMSLICO AIG Life výročná správa 1999

Gespeichert in:
Bibliographische Detailangaben
Format: Buch
Sprache:Slowakisch
Veröffentlicht: [Bratislava] AMSLICO [2000]
Schlagworte:
Tags: Tag hinzufügen
Keine Tags, Fügen Sie das erste Tag hinzu!

MARC

LEADER 00000nam a2200000 4500
001 c124462
005 20221108082625.3
041 0 |a slo 
044 |a SK 
245 1 0 |a AMSLICO AIG Life  |b výročná správa 1999 
264 1 |a [Bratislava]  |b AMSLICO  |c [2000] 
300 |a 18 s. 
610 2 0 |a poisťovne 
610 2 0 |a poisťovne komerčné 
610 2 0 |a poisťovníctvo